Megjegyzések a Kárpát-medence 9. század eleji történelméhez

At the end of the 8th century the Avar Khaganate weakened in a civil war was attacked by the Frankish Empire. The north-western periphery of the Carpathian Basin (Avaria), and the territory of the Drava and the Sava Rivers (Pannonia Inferior, Pannonia Superior) came under the rule of the Franks. Aft...

Teljes leírás

Elmentve itt :
Bibliográfiai részletek
Szerző: Balogh László
Testületi szerző: Az Alföld a 9. században - Új eredmények (2.) (2017) (Szeged)
Dokumentumtípus: Könyv része
Megjelent: 2017
Sorozat:Monográfiák a Szegedi Tudományegyetem Régészeti Tanszékéről
Az Alföld a 9. században II.
Kulcsszavak:Régészet - avarok - Kárpát-medence - 7-10. sz., Kárpát-medence népei - 7-10. sz.
Tárgyszavak:
Online Access:http://acta.bibl.u-szeged.hu/62687
LEADER 03181naa a2200253 i 4500
001 acta62687
005 20220110113957.0
008 191115s2017 hu o 0|| hun d
020 |a 978-963-306-555-6 
022 |a 2062-9877 
040 |a SZTE Egyetemi Kiadványok Repozitórium  |b hun 
041 |a hun 
100 1 |a Balogh László 
245 1 0 |a Megjegyzések a Kárpát-medence 9. század eleji történelméhez  |h [elektronikus dokumentum] /  |c  Balogh László 
260 |c 2017 
300 |a 231-248 
490 0 |a Monográfiák a Szegedi Tudományegyetem Régészeti Tanszékéről 
490 0 |a Az Alföld a 9. században II. 
520 3 |a At the end of the 8th century the Avar Khaganate weakened in a civil war was attacked by the Frankish Empire. The north-western periphery of the Carpathian Basin (Avaria), and the territory of the Drava and the Sava Rivers (Pannonia Inferior, Pannonia Superior) came under the rule of the Franks. After the Avar Khagan who lived with his people between the Danube and Tisza was baptized and surrendered by the Franks, a part of Avars escaped and crossed the River Tisza. Not long afterwards, the Avars rebelled against the Franks and the Christianity, and Charlemagne lost control over them. When the rebellion of the Avars was crushed, the new Avar Khagan sent an envoy to Charlemagne in 805. He asked to give him the power over the entire Khaganate, namely over the Huns. Charlemagne agreed upon this, so the Avar Khagan was baptized. According to Scriptor Incertus de Leone Armenio A, the Avars still had considerable military power in 811. In this year, the Bulgarian Prince Krum defeated Emperor Nicophoros I using Avar and Slavic mercenaries. Another source, the biography of St. Joannikios also tells us that the Bulgarians were helped in their war by neighbouring people, namely the Avars and Slavs. Avars and Slavs also joined Krum’s army when he started a campaign against Constantinople in 814. Accordingly, it is understandable that at the end of 810, the Byzantine Emperor Nicophoros sent an envoy to Charlemagne, probably asking the Frankish ruler to prevent the Avars and Slavs of the Carpathian Basin to assist the Bulgarians. Charlemagne tried to act accordingly. As we read in the Annales regni Francorum, in 811 he sent an army to both Pannonias to end the disputes between the Huns and the Slavs. By the end of the campaign the Avars, the Slavs and probably the Huns (Onogundur-Bulgars) who lived in Pannonia and along the Danube were again surrendered by the Franks. The Avar Khaganate has lost its western areas permanently. While the people living in these territories merged with the Christian population of the Frankish Empire, heathen peoples of the Avars continued to live in the eastern part of the Carpathian Basin in the 9th century. 
650 4 |a Bölcsészettudományok 
650 4 |a Történettudomány és régészet 
695 |a Régészet - avarok - Kárpát-medence - 7-10. sz., Kárpát-medence népei - 7-10. sz. 
710 |a Az Alföld a 9. században - Új eredmények (2.) (2017) (Szeged) 
856 4 0 |u http://acta.bibl.u-szeged.hu/62687/1/regeszeti_monografiak_004_231-248.pdf  |z Dokumentum-elérés